| 000 | 00389nam a2200145Ia 4500 | ||
|---|---|---|---|
| 008 | 220217s9999||||xx |||||||||||||| ||und|| | ||
| 020 | _a9788178002194 | ||
| 082 | _a620.1 SIN | ||
| 100 |
_aSinger, Ferdinand, L _910193 |
||
| 245 | 0 | _aSinger's engineering mechanics | |
| 250 | _a3 | ||
| 260 |
_aBSP publications _bNew Delhi _c2018 |
||
| 300 |
_aXXI, 824p. _b595 |
||
| 650 | _aMechanics | ||
| 999 |
_c188474 _d188474 |
||